Logo Biblioteca

Pisando los talones / (Registro nro. 512)

Detalles MARC
000 -LEADER
fixed length control field 01557nam a22002297a 4500
003 - CONTROL NUMBER IDENTIFIER
control field OSt
005 - DATE AND TIME OF LATEST TRANSACTION
control field 20250624123117.0
008 - FIXED-LENGTH DATA ELEMENTS--GENERAL INFORMATION
fixed length control field 250530s2004 ag ||||| |||| 00| 1 spa d
020 ## - INTERNATIONAL STANDARD BOOK NUMBER
International Standard Book Number 9509779830
040 ## - CATALOGING SOURCE
Transcribing agency spa
100 1# - MAIN ENTRY--PERSONAL NAME
Personal name Mankell, Henning,
Dates associated with a name 1948-2015,
Relator term autor
245 10 - TITLE STATEMENT
Title Pisando los talones /
Statement of responsibility, etc. Henning Mankell ; traducción del sueco de Carmen Montes Cano
260 ## - PUBLICATION, DISTRIBUTION, ETC.
Place of publication, distribution, etc. Buenos Aires :
Name of publisher, distributor, etc. Tusquets,
Date of publication, distribution, etc. 2004
300 ## - PHYSICAL DESCRIPTION
Extent 557 p.
520 ## - SUMMARY, ETC.
Summary, etc. La noche de San Juan, alguien, agazapado en un arbusto, contempla como se divierten unos jóvenes...Poe esas mismas fechas ajeno al drama que ese fragua, el inspector Kurt Wallander regresa de sus vacaciones, y en agosto, ya metido en la rutina, empieza a acusar un extraño agotamiento que esta a punto de costarle la vida en un accidente de tráfico. Cuando acude al médico se lleva un buen susto al saber el diagnostico . Para colmo, Svedberg, uno de sus colegas, no aparece por ningún lado, y una madre presiona a los agentes para que busquen a su hija: hace ya mas de un mes, la joven se marchó de viaje con unos amigos de manera imprevista, y todo indica que las postales que han enviado son falsas. Svedberg, que sigue sin dar señales de vida, ¿no estaba investigando esas desapariciones? Wallander no puede imaginar las incógnitas que le presentara este caso...ni los sangrientos crímenes que deberá resolver, <y cuanto antes>, como le pide el fiscal.
648 #4 - SUBJECT ADDED ENTRY--CHRONOLOGICAL TERM
Chronological term Siglo XXI
650 #4 - SUBJECT ADDED ENTRY--TOPICAL TERM
Topical term or geographic name entry element Literatura
651 #4 - SUBJECT ADDED ENTRY--GEOGRAPHIC NAME
Geographic name Suecia
653 ## - INDEX TERM--UNCONTROLLED
Uncontrolled term Policial
655 #4 - INDEX TERM--GENRE/FORM
Genre/form data or focus term Novela
942 ## - ADDED ENTRY ELEMENTS (KOHA)
Source of classification or shelving scheme Universal Decimal Classification
Koha item type Obra General
Suppress in OPAC No
Existencias
Withdrawn status Lost status Source of classification or shelving scheme Damaged status Not for loan Collection Home library Current library Date acquired Total checkouts Full call number Barcode Date last seen Price effective from Koha item type
    Universal Decimal Classification     Colección Nélida Perona Biblioteca Escuela de Ciencias Sociales Biblioteca Escuela de Ciencias Sociales 30/05/2025   82-312.4(485) M278 001376 30/05/2025 30/05/2025 Obra General
Biblioteca de la Escuela Preuniversitaria en Ciencias Sociales y Humanísticas.
Riobamba 250 bis.
CP 2000 - Rosario - Santa Fe
E-Mail: biblioteca@esociales.unr.edu.ar